Time for english. Inglés 5§ básico: guía didáctica para el profesor
Gardado en:
| Main Authors: | , , |
|---|---|
| Formato: | Libro |
| Idioma: | inglés |
| Publicado: |
Santiago
Cal y Canto
2006
|
| Edición: | 2a. ed |
| Subjects: | |
| Tags: |
Engadir etiqueta
Sen Etiquetas, Sexa o primeiro en etiquetar este rexistro!
|
MARC
| LEADER | 00000nam a2200000 a 4500 | ||
|---|---|---|---|
| 001 | UCK9650 | ||
| 003 | CL-VaPUC | ||
| 008 | 060519e20060000CL |||||||||||||||||eng|d | ||
| 020 | |a 9567602735 | ||
| 082 | 0 | 4 | |a 372.6521 |b LOB |2 21 |
| 100 | |a Lobo V., María José |e autora |9 611957 | ||
| 700 | 0 | |a Subirà T., Pepita |e author |9 499449 | |
| 700 | 0 | |a Manonellas B., Ana |e author |9 499450 | |
| 245 | 1 | 0 | |a Time for english. Inglés 5§ básico: guía didáctica para el profesor |
| 250 | |a 2a. ed | ||
| 300 | |a 80 p | ||
| 942 | |c BK | ||
| 945 | |d 20060519 00:00:00 |a cmena | ||
| 260 | |a Santiago |b Cal y Canto |c 2006 | ||
| 500 | |a Complementario con cassette y con texto para el estudiante | ||
| 650 | 0 | |a Enseñanza del inglés |9 367340 | |
| 650 | 0 | |a Lengua inglesa |9 318842 | |
| 650 | 0 | |a Educación básica |9 224933 | |
| 650 | 0 | |a Libros de texto |9 270019 | |
| 583 | |a last modification |c 20130527 14:36:09 |k Rodrigo Vera | ||
| 999 | |c 316733 |d 316731 | ||
| 952 | |0 0 |1 0 |4 0 |6 372_652100000000000_LOB_2006 |7 0 |8 A |9 391624 |a BIBEDU |b BIBEDU |d 2019-11-22 |i 4234162 |o 372.6521 LOB 2006 |p 4234162 |r 2019-11-22 |w 2019-11-22 |y BK |k LIT | ||
| 952 | |0 0 |1 0 |4 0 |6 372_652100000000000_LOB_2006 |7 0 |8 A |9 391625 |a BIBEDU |b BIBEDU |d 2019-11-22 |i 4254465 |l 1 |o 372.6521 LOB 2006 |p 4254465 |q 2024-11-06 |r 2024-10-22 |s 2024-10-22 |w 2019-11-22 |y BK |k LIT | ||
| 952 | |0 0 |1 0 |4 0 |6 372_652100000000000_LOB_2006 |7 0 |8 A |9 391627 |a BIBEDU |b BIBEDU |d 2019-11-22 |i 4267362 |o 372.6521 LOB 2006 |p 4267362 |r 2019-11-22 |w 2019-11-22 |y BK |k LIT | ||